Central Library OPAC University of Rajshahi

Essays, 1958-1962, on atomic physics and human knowledge. / (Record no. 9339)

MARC details
000 -LEADER
fixed length control field 00730nam a22002411 4500
001 - CONTROL NUMBER
control field 9339
003 - CONTROL NUMBER IDENTIFIER
rucl marc code BD-RjUL
005 - DATE AND TIME OF LATEST TRANSACTION
control field 20211208234748.0
008 - FIXED-LENGTH DATA ELEMENTS--GENERAL INFORMATION
fixed length control field 140120s1963 nyuc 00000 eng
035 ## - SYSTEM CONTROL NUMBER
System control number (BD-RjUL)9384
040 ## - CATALOGING SOURCE
Original cataloging agency BD-RjUL
Language of cataloging eng
Transcribing agency BD-RjUL
041 ## - LANGUAGE CODE
Language code of text/sound track or separate title eng
082 00 - DEWEY DECIMAL CLASSIFICATION NUMBER
Classification number 530.1
Author mark and year BOE 1963
100 1# - MAIN ENTRY--PERSONAL NAME
Personal name Bohr, Niels Henrik David,
Dates associated with a name 1885-1962.
9 (RLIN) 28952
245 10 - TITLE STATEMENT
Title Essays, 1958-1962, on atomic physics and human knowledge. /
Statement of responsibility, etc. by Niels Henrik David Bohr
260 0# - PUBLICATION, DISTRIBUTION, ETC. (IMPRINT)
Place of publication, distribution, etc. [New York :
Name of publisher, distributor, etc. Interscience Publishers,
Date of publication, distribution, etc. 1963.
300 ## - PHYSICAL DESCRIPTION
Pagination x, 100 p. ;
Illustrations port.
Size 24 cm.
650 #0 - SUBJECT ADDED ENTRY--TOPICAL TERM
Topical term or geographic name as entry element Quantum theory.
9 (RLIN) 28953
Topical term or geographic name as entry element Atoms.
9 (RLIN) 25783
Topical term or geographic name as entry element Physics
General subdivision Philosophy.
9 (RLIN) 28954
942 ## - ADDED ENTRY ELEMENTS (KOHA)
Source of classification or shelving scheme Dewey Decimal Classification
Koha item type Books
Holdings
Lost status Source of classification or shelving scheme Damaged status Not for loan Collection code Permanent Location Current Location Shelving location Date acquired Source of acquisition Cost, normal purchase price Total Checkouts Full call number Date last seen Copy number Koha item type
  Dewey Decimal Classification   Not For Loan Non-fiction Central Library, University of Rajshahi Central Library, University of Rajshahi   10/11/1965 Zeit 30.00   530.1 BOE 1963 20/01/2014 C-1 Books